[Event "Fagernes op"]
[Site "Fagernes"]
[Date "2024.03.27"]
[Round "5"]
[White "Moreby, James"]
[Black "Thangavel, Gokul"]
[Result "1/2-1/2"]
[WhiteElo "2260"]
[BlackElo "1990"]
[PlyCount "80"]
[EventDate "2024.03.24"]
[EventType "swiss"]
[EventRounds "9"]
[EventCountry "NOR"]
[SourceTitle "CB14_2024"]
[SourceDate "2024.04.01"]
[SourceVersion "1"]
[SourceVersionDate "2024.04.01"]
[SourceQuality "1"]

1. c4 Nf6 2. Nc3 e5 3. Nf3 Nc6 4. e4 Bb4 5. d3 d6 6. a3 Bc5 7. b4 Bb6 8. Na4 Bg4 9. Nxb6 axb6 10. Bb2 Nd4 11. Be2 Bxf3 12. Bxf3 Ne6 13. g3 Nd7 14. Bg2 0-0 15. 0-0 Qg5 16. Bc1 Qe7 17. Bb2 c6 18. f4 exf4 19. gxf4 Qh4 20. Qd2 f5 21. Rae1 Rae8 22. e5 dxe5 23. fxe5 f4 24. Qf2 Qg4 25. Qf3 Qg6 26. Qd1 Rf5 27. Kh1 Rh5 28. Bf3 Rh3 29. Qe2 Ng5 30. d4 Nf6 31. Qg2 Nh5 32. Bxh5 Qxh5 33. Rxf4 Nf3 34. Rxf3 Rxf3 35. d5 cxd5 36. cxd5 Qf5 37. Rg1 g6 38. d6 Rf2 39. Qd5+ Qf7 40. Qg2 Qf5 1/2-1/2

[Event "Pan American Intercollegiate-chT"]
[Site "Chess.com INT"]
[Date "2021.01.05"]
[Round "6"]
[White "Thangavel, Gokul"]
[Black "Besa, Masaiti"]
[Result "1-0"]
[WhiteElo "1977"]
[BlackElo "1738"]
[PlyCount "127"]
[EventDate "2021.01.04"]
[EventType "team-swiss (rapid)"]
[EventRounds "9"]
[EventCountry "USA"]
[SourceTitle "CBM 200 Extra"]
[Source "ChessBase"]
[SourceDate "2021.03.31"]
[SourceVersion "1"]
[SourceVersionDate "2021.03.31"]
[SourceQuality "1"]
[WhiteTeam "Iowa Univ"]
[BlackTeam "Texas Tech Univ III"]
[WhiteTeamCountry "USA"]
[BlackTeamCountry "USA"]

1. d4 Nf6 2. c4 g6 3. Nc3 d5 4. Nf3 Bg7 5. Bg5 Ne4 6. Bf4 c6 7. cxd5 cxd5 8. Bxb8 Nxc3 9. bxc3 Rxb8 10. Qa4+ Bd7 11. Qxa7 Qc7 12. Qa3 0-0 13. e3 Rfc8 14. Rc1 Bg4 15. Be2 Ra8 16. Qb3 Qa5 17. h3 Be6 18. a4 Qxa4 19. Qxb7 Qa3 20. 0-0 Rab8 21. Qa6 Rxc3 22. Rxc3 Qxc3 23. Qa7 Qb4 24. Ng5 Bf5 25. g4 Bc8 26. Qc7 h6 27. Nf3 Qb7 28. Qc5 e6 29. Qd6 Bd7 30. Bd3 Ra8 31. Rb1 Qc6 32. Qe7 Re8 33. Qa3 Bf8 34. Qb2 Bd6 35. Rc1 Qa4 36. Ra1 Qc6 37. Ra6 Qc7 38. Qb1 Rb8 39. Qf1 Bc8 40. Ra2 Qc3 41. Rc2 Qb3 42. Rc1 Qb7 43. Qd1 Qe7 44. Qc2 Bd7 45. Ra1 Kg7 46. Kg2 Rc8 47. Qe2 Qd8 48. h4 Qc7 49. h5 Qc3 50. Ra7 Rc7 51. Ra6 Be7 52. hxg6 fxg6 53. Ne5 Bc8 54. Rb6 Qa5 55. Rb5 Qc3 56. Rb2 g5 57. Qf3 Bd6 58. Rc2 Qa5 59. Rb2 Bxe5 60. dxe5 Rf7 61. Qe2 Qc3 62. Rc2 Qxe5 63. Rxc8 Qf6 64. Rc6 1-0

[Event "Pan American Intercollegiate-chT"]
[Site "Chess.com INT"]
[Date "2021.01.04"]
[Round "1"]
[White "Naidu, Aniketh"]
[Black "Thangavel, Gokul"]
[Result "0-1"]
[WhiteElo "1770"]
[BlackElo "1977"]
[PlyCount "54"]
[EventDate "2021.01.04"]
[EventType "team-swiss (rapid)"]
[EventRounds "9"]
[EventCountry "USA"]
[SourceTitle "CBM 200 Extra"]
[Source "ChessBase"]
[SourceDate "2021.03.31"]
[SourceVersion "1"]
[SourceVersionDate "2021.03.31"]
[SourceQuality "1"]
[WhiteTeam "St Louis Univ III"]
[BlackTeam "Iowa Univ"]
[WhiteTeamCountry "USA"]
[BlackTeamCountry "USA"]

1. e4 e6 2. Nf3 d5 3. exd5 exd5 4. d4 Bd6 5. Bd3 Nc6 6. 0-0 Nge7 7. c3 Bg4 8. Bg5 f6 9. Bh4 Qd7 10. a4 h5 11. Nbd2 g5 12. Bg3 0-0-0 13. b4 Rdg8 14. a5 Bf5 15. Nb3 h4 16. Bxd6 Qxd6 17. Ra2 g4 18. Ne1 Be4 19. Nc5 f5 20. g3 f4 21. Nxe4 dxe4 22. Bc4 Rg5 23. Re2 hxg3 24. Rxe4 Qh6 25. Be6+ Kb8 26. h4 Qxh4 27. fxg3 Qh2# 0-1

[Event "Pan American Intercollegiate-chT"]
[Site "Chess.com INT"]
[Date "2021.01.04"]
[Round "3"]
[White "Novikov, Sergei"]
[Black "Thangavel, Gokul"]
[Result "1/2-1/2"]
[WhiteElo "1267"]
[BlackElo "1977"]
[PlyCount "85"]
[EventDate "2021.01.04"]
[EventType "team-swiss (rapid)"]
[EventRounds "9"]
[EventCountry "USA"]
[SourceTitle "CBM 200 Extra"]
[Source "ChessBase"]
[SourceDate "2021.03.31"]
[SourceVersion "1"]
[SourceVersionDate "2021.03.31"]
[SourceQuality "1"]
[WhiteTeam "Georgia Inst of Technology II"]
[BlackTeam "Iowa Univ"]
[WhiteTeamCountry "USA"]
[BlackTeamCountry "USA"]

1. e4 e6 2. d4 d5 3. exd5 exd5 4. Nf3 Bd6 5. Bd3 Ne7 6. 0-0 Nbc6 7. c3 Bg4 8. Nbd2 Qd7 9. Re1 0-0-0 10. b4 Ng6 11. Qa4 Kb8 12. b5 Nce7 13. Ba3 Nf4 14. Bf1 f6 15. Bc5 Nc8 16. Qb3 Rhe8 17. a4 Bxf3 18. Nxf3 Qg4 19. Qc2 h5 20. Kh1 h4 21. h3 Nxh3 22. gxh3 Qxf3+ 23. Bg2 Qf4 24. Kg1 g5 25. Bxd6 Qxd6 26. Rxe8 Rxe8 27. Qf5 Ne7 28. Re1 b6 29. Bxd5 c6 30. Rxe7 Rxe7 31. Bxc6 Kc7 32. Kg2 Qe6 33. Qg6 Qf7 34. Qf5 Qg7 35. Bf3 Qf7 36. Bg4 Re8 37. c4 Qe7 38. Bf3 Qe6 39. Qh7+ Qe7 40. Qf5 Qe6 41. Qh7+ Re7 42. Qh8 Re8 43. Qh7+ 1/2-1/2

[Event "USA-ch High School K12"]
[Site "Schaumburg"]
[Date "2019.03.16"]
[Round "4"]
[White "Guo, Arthur"]
[Black "Thangavel, Gokul"]
[Result "1-0"]
[WhiteElo "2272"]
[BlackElo "2034"]
[PlyCount "107"]
[EventDate "2019.03.15"]
[EventType "swiss"]
[EventRounds "7"]
[EventCountry "USA"]
[SourceTitle "CBM 189 Extra"]
[Source "ChessBase"]
[SourceDate "2019.06.03"]
[SourceVersion "1"]
[SourceVersionDate "2019.06.03"]
[SourceQuality "1"]

1. e4 e6 2. d4 d5 3. Nd2 Nf6 4. e5 Nfd7 5. Bd3 c5 6. c3 Nc6 7. Ngf3 Be7 8. 0-0 g5 9. dxc5 Nxc5 10. Bb5 a6 11. Bxc6+ bxc6 12. b4 Nd7 13. Nb3 Qc7 14. Bxg5 Bxg5 15. Nxg5 Qxe5 16. Qh5 Qf5 17. Nxe6 Qxh5 18. Ng7+ Ke7 19. Nxh5 Nf6 20. Nxf6 Kxf6 21. a4 Bf5 22. a5 Bd3 23. Rfe1 Rhd8 24. Nc5 Bc4 25. Rad1 d4 26. Rxd4 Rxd4 27. cxd4 Kg7 28. Rc1 Bb5 29. Re1 Rd8 30. Re7 Kg8 31. Re4 Bc4 32. Na4 Bd3 33. Rg4+ Kh8 34. Nb6 Re8 35. h3 Re1+ 36. Kh2 Re2 37. Rf4 Kg7 38. d5 cxd5 39. Nxd5 Rb2 40. Kg3 h6 41. Rg4+ Kf8 42. Rd4 Rb3 43. Kf4 Bf1 44. Ne3 Bb5 45. Nf5 f6 46. Nxh6 Bf1 47. Kf5 Bxg2 48. Kxf6 Rf3+ 49. Nf5 Ke8 50. h4 Rxf2 51. h5 Bh3 52. Rd5 Rh2 53. Ng7+ Kf8 54. Rd8# 1-0

[Event "Iowa-ch"]
[Site "Ankeny"]
[Date "2016.04.??"]
[Round "1"]
[White "Neal Ii, James A"]
[Black "Thangavel, Gokul"]
[Result "1-0"]
[WhiteElo "2074"]
[BlackElo "2047"]
[PlyCount "163"]
[EventDate "2016.04.02"]
[EventType "tourn"]
[EventRounds "5"]
[EventCountry "USA"]
[SourceTitle "EXT 2017"]
[Source "ChessBase"]
[SourceDate "2016.10.25"]
[SourceVersion "1"]
[SourceVersionDate "2016.10.25"]
[SourceQuality "1"]

1. e4 e6 2. d4 d5 3. Nd2 Nf6 4. e5 Nfd7 5. Bd3 c5 6. c3 Nc6 7. Ne2 Qb6 8. Nf3 cxd4 9. cxd4 f6 10. exf6 Nxf6 11. 0-0 Bd6 12. Nf4 Qc7 13. g3 0-0 14. Be3 e5 15. dxe5 Nxe5 16. Nxe5 Bxe5 17. Qb3 Qf7 18. Rad1 Bxf4 19. Bxf4 Be6 20. Bb1 Qh5 21. f3 Qf7 22. Qd3 Rfe8 23. Be5 g6 24. Bc3 Nh5 25. Rf2 Rad8 26. Qd4 Ng7 27. Qxa7 Bf5 28. Qd4 Bxb1 29. Rxb1 h6 30. Rc1 Rd7 31. Rd1 Kh7 32. h4 Nf5 33. Qf4 d4 34. Bxd4 Red8 35. Rfd2 Qxa2 36. Bc3 Rxd2 37. Rxd2 Rxd2 38. Qxd2 Qe6 39. Kg2 Ne3+ 40. Kf2 Nf5 41. Qf4 Qb6+ 42. Kg2 Qe6 43. Qc7+ Ne7 44. Qxb7 Qe2+ 45. Kg1 Qe3+ 46. Kf1 Qd3+ 47. Ke1 Qe3+ 48. Kd1 Qd3+ 49. Kc1 Qf1+ 50. Kc2 Qe2+ 51. Kb3 Qe6+ 52. Ka3 Kg8 53. Qb3 Nd5 54. Qb8+ Kf7 55. Qb7+ Ke8 56. Qb8+ Kd7 57. Qe5 Qa6+ 58. Kb3 Qb5+ 59. Kc2 Nb4+ 60. Kd2 Qd3+ 61. Ke1 Qb1+ 62. Ke2 Qc2+ 63. Kf1 Qd1+ 64. Kg2 Qc2+ 65. Kh3 Nd3 66. Qg7+ Kc8 67. Bd4 Nc1 68. Qf8+ Kd7 69. Qf7+ Kc8 70. Qe8+ Kc7 71. Qe5+ Kc6 72. Qe4+ Qxe4 73. fxe4 Nb3 74. Be3 h5 75. Kg2 Kd6 76. Kf3 Ke6 77. Ke2 Na5 78. Kd3 Kd6 79. b4 Nb7 80. Bg5 Ke5 81. Bf4+ Ke6 82. Kd4 1-0

[Event "Iowa-ch"]
[Site "Ankeny"]
[Date "2016.04.??"]
[Round "2"]
[White "Thangavel, Gokul"]
[Black "Saleem, Arshaq"]
[Result "0-1"]
[WhiteElo "2047"]
[BlackElo "2031"]
[PlyCount "120"]
[EventDate "2016.04.02"]
[EventType "tourn"]
[EventRounds "5"]
[EventCountry "USA"]
[SourceTitle "EXT 2017"]
[Source "ChessBase"]
[SourceDate "2016.10.25"]
[SourceVersion "1"]
[SourceVersionDate "2016.10.25"]
[SourceQuality "1"]

1. d4 Nf6 2. c4 g6 3. Nc3 Bg7 4. Nf3 0-0 5. Bg5 c5 6. e3 cxd4 7. Nxd4 Nc6 8. Be2 h6 9. Bh4 d6 10. 0-0 Bd7 11. Rc1 Rc8 12. b3 Qa5 13. Bf3 a6 14. Qe2 g5 15. Bg3 g4 16. Nxc6 bxc6 17. Be4 Nxe4 18. Nxe4 f5 19. Nd2 Qxa2 20. Bh4 Rf7 21. Qd3 c5 22. f3 h5 23. Rc2 Qa5 24. Qd5 Qc7 25. Ra2 e6 26. Qd3 Ra8 27. Bg3 e5 28. fxg4 hxg4 29. Qd5 Qc6 30. Rfa1 Qxd5 31. cxd5 Bb5 32. Re1 Kh7 33. Nc4 Bxc4 34. bxc4 Rb7 35. Rea1 Rb6 36. Rf1 Kg6 37. Be1 Rb3 38. Bd2 e4 39. Kf2 Be5 40. g3 Bc3 41. Rd1 Bxd2 42. Rdxd2 a5 43. Ra4 Rb4 44. Rda2 Kf6 45. Ke2 Ke5 46. Kd2 Rxa4 47. Rxa4 Rh8 48. Rxa5 Rxh2+ 49. Ke1 Rg2 50. Ra8 Rxg3 51. Re8+ Kf6 52. Re6+ Kg5 53. Ke2 Rg2+ 54. Ke1 Rc2 55. Rxd6 g3 56. Rd8 g2 57. Rg8+ Kf6 58. Rg3 Ke5 59. Rg6 Rxc4 60. d6 g1Q+ 0-1